| 000 | 01090nam a22002537a 4500 | ||
|---|---|---|---|
| 001 | 8354 | ||
| 003 | FISKH | ||
| 005 | 20250910085702.0 | ||
| 008 | 250910b cb ||||| |||| 00| 0 eng d | ||
| 020 | _a9780618481408 | ||
| 040 |
_aFISKH _beng _cFISKH _dFISKH |
||
| 082 | _a 900 | ||
| 100 | _aBrowne, Molli A. | ||
| 245 |
_aWhen they were little like me / _cby Molli A. Browne |
||
| 260 |
_aBoston : _bHoughton Mifflin, _c2005. |
||
| 300 |
_a8 pages : _bcolor illustrations ; _c21 cm |
||
| 505 | _aE | ||
| 520 | _aThis picture book helps children connect with their parents’ and grandparents’ childhoods. Through simple text and engaging illustrations, it shows that adults were once kids too—playing games, going to school, and learning just like today’s children. The story encourages family conversations, helping kids see similarities across generations while also appreciating the differences in how life has changed. | ||
| 521 | 8 |
_a160
_bLexile estimate |
|
| 521 | 8 |
_aE
_bRaz-Plus |
|
| 650 |
_aTransportation _vVehicles |
||
| 942 |
_2ddc _cBK _n0 |
||
| 999 |
_c8354 _d8354 |
||